清代府级行政区(1820年) - 地图版 - Statistics

General Stats
  • This quiz has been taken 187 times
  • The average score is 102 of 313
Answers on the Map
Answers color-coded by a green-red scale on the quiz's map according to % correct below.
 
Answer Stats
% Correct
山东 济南府
82%
江苏 苏州府
82%
陕西 西安府
82%
广东 广州府
81%
浙江 杭州府
79%
福建 台湾府
78%
四川 成都府
78%
福建 福州府
77%
江苏 徐州府
76%
江苏 松江府
76%
湖南 长沙府
76%
江苏 扬州府
75%
江西 南昌府
75%
河南 南阳府
74%
江苏 常州府
74%
江西 赣州府
74%
河南 开封府
73%
浙江 宁波府
73%
甘肃 兰州府
73%
山西 太原府
72%
浙江 温州府
72%
湖北 武昌府
72%
西藏 西藏
72%
直隶 承德府
71%
福建 泉州府
71%
江苏 江宁府
70%
江苏 镇江府
70%
安徽 安庆府
70%
浙江 绍兴府
70%
浙江 衢州府
70%
广西 桂林府
70%
四川 重庆府
70%
青海 青海
70%
直隶 保定府
69%
山西 大同府
69%
浙江 台州府
69%
湖北 襄阳府
69%
贵州 贵阳府
69%
浙江 湖州府
68%
江西 九江府
68%
陕西 汉中府
68%
福建 漳州府
67%
陕西 延安府
67%
安徽 徽州府
66%
浙江 嘉兴府
66%
广东 惠州府
66%
新疆 伊犁
66%
吉林 吉林副都统辖区
66%
浙江 金华府
65%
广东 潮州府
65%
广西 南宁府
65%
新疆 乌噜木齐
65%
广西 柳州府
64%
江苏 淮安府
63%
直隶 天津府
62%
安徽 庐州府
62%
云南 大理府
62%
陕西 榆林府
62%
江苏 海州
60%
湖北 荆州府
60%
直隶 顺天府
59%
江苏 通州
58%
盛京 奉天府
58%
山东 青州府
57%
山东 莱州府
57%
湖北 汉阳府
56%
新疆 哈密
56%
湖北 宜昌府
55%
湖南 永州府
55%
山西 忻州
54%
广东 琼州府
54%
广西 梧州府
54%
四川 泸州
54%
贵州 遵义府
54%
盛京 锦州府
54%
安徽 滁州
53%
甘肃 甘州府
52%
新疆 喀什噶尔
52%
安徽 池州府
51%
江西 抚州府
51%
广东 雷州府
51%
江西 吉安府
50%
湖北 黄州府
50%
甘肃 肃州
50%
新疆 吐鲁番
50%
湖南 郴州
49%
云南 丽江府
49%
黑龙江 黑龙江副都统辖区
49%
山东 泰安府
48%
山东 登州府
48%
河南 河南府
46%
山东 济宁州
46%
江苏 太仓州
46%
湖南 常德府
46%
甘肃 宁夏府
46%
内蒙古 阿拉善厄鲁特旗
45%
直隶 大名府
44%
浙江 处州府
44%
甘肃 西宁府
44%
甘肃 庆阳府
44%
浙江 严州府
43%
直隶 正定府
41%
安徽 宁国府
41%
湖南 岳州府
41%
广东 肇庆府
41%
安徽 凤阳府
40%
安徽 六安州
40%
广东 韶州府
40%
新疆 阿克苏
40%
山东 兖州府
39%
山西 归绥六厅
38%
江西 饶州府
38%
云南 昭通府
38%
河南 陕州
37%
湖南 衡州府
37%
云南 楚雄府
37%
黑龙江 呼伦贝尔副都统辖区
37%
湖北 荆门州
36%
陕西 凤翔府
36%
甘肃 凉州府
36%
甘肃 平凉府
36%
山东 沂州府
35%
安徽 | 广西 太平府
35%
四川 太平厅
35%
云南 曲靖府
35%
内蒙古 锡林郭勒盟
35%
直隶 宣化府
34%
安徽 广德州
34%
福建 汀州府
34%
福建 龙岩州
34%
云南 云南府
34%
陕西 兴安府
34%
河南 汝州
33%
山东 东昌府
33%
广东 高州府
33%
广东 廉州府
33%
乌里雅苏台 唐努乌梁海
33%
江苏 海门厅
32%
江西 袁州府
32%
直隶 河间府
30%
山东 曹州府
30%
云南 普洱府
30%
贵州 安顺府
30%
陕西 商州
30%
内蒙古 乌兰察布盟
30%
安徽 和州
29%
四川 夔州府
29%
湖北 郧阳府
28%
广东 连州
28%
四川 雅州府
28%
贵州 铜仁府
28%
黑龙江 齐齐哈尔副都统辖区
28%
直隶 冀州
27%
直隶 定州
26%
江西 广信府
26%
四川 嘉定府
26%
四川 眉州
26%
河南 光州
25%
山西 汾州府
25%
安徽 泗州
24%
甘肃 秦州
24%
直隶 顺德府
22%
山西 平阳府
22%
福建 兴化府
22%
福建 建宁府
22%
四川 绵州
22%
贵州 都匀府
22%
内蒙古 哲里木盟
22%
内蒙古 额济纳土尔扈特旗
22%
河南 彰德府
21%
河南 卫辉府
21%
乌里雅苏台 科布多
21%
河南 归德府
20%
河南 许州
20%
山西 泽州府
20%
湖南 宝庆府
20%
云南 东川府
20%
新疆 和阗
20%
山西 蒲州府
19%
江西 南安府
19%
福建 延平府
19%
四川 叙州府
19%
直隶 赵州
18%
山西 潞安府
18%
山西 代州
18%
山西 辽州
18%
山西 解州
18%
江西 南康府
18%
湖南 凤凰厅
18%
福建 福宁府
18%
福建 邵武府
18%
广东 嘉应州
18%
广西 郁林州
18%
四川 松潘厅
18%
贵州 兴义府
18%
直隶 深州
17%
河南 怀庆府
17%
河南 汝宁府
17%
山东 武定府
17%
山西 绛州
17%
广东 罗定州
17%
广东 南雄州
17%
云南 武定州
17%
甘肃 安西州
17%
内蒙古 伊克昭盟
17%
直隶 广平府
16%
直隶 口北三厅
16%
湖北 安陆府
16%
湖南 辰州府
16%
湖南 沅州府
16%
湖南 桂阳州
16%
四川 宁远府
16%
直隶 永平府
15%
河南 陈州府
15%
山东 临清州
15%
山西 沁州
15%
四川 顺庆府
15%
四川 忠州
15%
陕西 绥德州
15%
吉林 宁古塔副都统辖区
15%
江西 临江府
14%
湖北 德安府
14%
湖南 澧州
14%
四川 保宁府
14%
四川 酉阳州
14%
陕西 同州府
14%
陕西 邠州
14%
新疆 叶尔羌
14%
乌里雅苏台 车臣汗部
14%
吉林 三姓副都统辖区
14%
内蒙古 昭乌达盟
14%
江西 瑞州府
13%
湖北 施南府
13%
四川 茂州
13%
贵州 思南府
13%
陕西 鄜州
13%
山西 平定州
12%
山西 隰州
12%
湖南 乾州厅
12%
四川 资州
12%
四川 邛州
12%
陕西 乾州
12%
新疆 库车
12%
内蒙古 达里冈爱牧场
12%
山西 保德州
11%
江西 建昌府
11%
江西 宁都州
11%
湖南 靖州
11%
云南 永昌府
11%
直隶 易州
10%
山西 宁武府
10%
山西 霍州
10%
福建 永春州
10%
广西 泗城府
10%
云南 临安府
10%
云南 广南府
10%
云南 腾越厅
10%
贵州 思州府
10%
贵州 镇远府
10%
新疆 巴里坤
10%
直隶 遵化州
9%
安徽 颍州府
9%
广东 连山厅
9%
广西 平乐府
9%
乌里雅苏台 土谢图汗部
9%
盛京 大凌河牧场
9%
湖南 永顺府
8%
广东 佛冈厅
8%
广西 浔州府
8%
四川 潼川府
8%
云南 澂江府
8%
云南 广西州
8%
贵州 石阡府
8%
贵州 黎平府
8%
甘肃 巩昌府
8%
甘肃 阶州
8%
山西 朔平府
7%
湖南 晃州厅
7%
广西 思恩府
7%
四川 叙永厅
7%
贵州 松桃厅
7%
新疆 塔尔巴哈台
7%
四川 龙安府
6%
四川 石砫厅
6%
贵州 大定府
6%
贵州 普安厅
6%
甘肃 泾州
6%
乌里雅苏台 三音诺颜部
6%
乌里雅苏台 札萨克图汗部
6%
吉林 阿勒楚喀副都统辖区
6%
黑龙江 墨尔根副都统辖区
6%
湖南 永绥厅
5%
广西 庆远府
5%
四川 懋功厅
5%
贵州 仁怀厅
5%
盛京 养息牧场
5%
四川 绥定府
4%
云南 开化府
4%
云南 元江州
4%
吉林 白都讷副都统辖区
4%
广西 镇安府
3%
贵州 平越州
3%
新疆 乌什
3%
四川 杂谷厅
2%
云南 顺宁府
2%
云南 镇沅州
2%
云南 永北厅
2%
云南 蒙化厅
2%
云南 景东厅
2%
新疆 古城
2%
新疆 喀喇沙尔
2%
新疆 库尔喀喇乌苏
2%
No matching quizzes found
Score Distribution
Percent of People with Each Score
Percentile by Number Answered
Your Score History
You have not taken this quiz